書店の無い市 - Statistics

General Stats
  • This quiz has been taken 128 times
  • The average score is 13 of 24
Answer Stats
都道府県 % Correct
北海道 歌志内市
94%
北海道 赤平市
83%
北海道 芦別市
72%
奈良県 宇陀市
62%
徳島県 三好市
62%
茨城県 つくばみらい市
59%
長崎県 松浦市
57%
茨城県 かすみがうら市
56%
宮崎県 串間市
56%
鹿児島県 垂水市
56%
沖縄県 南城市
56%
茨城県 小美玉市
55%
新潟県 妙高市
53%
千葉県 匝瑳市
52%
鹿児島県 伊佐市
51%
千葉県 白井市
47%
奈良県 葛城市
47%
埼玉県 白岡市
45%
大分県 杵築市
45%
岐阜県 海津市
43%
熊本県 合志市
42%
福岡県 中間市
40%
福岡県 那珂川市
38%
千葉県 袖ケ浦市
30%
No matching quizzes found
Score Distribution
Percent of People with Each Score
Percentile by Number Answered
Your Score History
You have not taken this quiz